000 00998cam a22002055a 4500
001 L159322
008 160811s2016 xxk f 000 0 eng d
020 _a9781118982402
035 _a(Sirsi) u159322
041 0 _aeng
100 1 _aHolzer, Dominik
245 0 4 _aThe BIM manager's Handbook
_h[electronic resource]
260 _aOxford
_bJohn Wiley & Sons Inc
_c2016
520 _aProvides in-depth account of the that any BIM Manager or staff member, who is actively engaged in the delivery of project, is required to undertake. Includes significant topics around BIM management including what is required to excel as a BIM manager, communication skills to maximise efficient information flow between the BIM manager and others and how to promote BIM excellence within an organisation and beyond.
590 _aKA
651 4 _aUNITED KINGDOM
690 _aBIM
_96219
856 4 0 _uhttps://www.vlebooks.com/
_zView on VLEbooks. Logins for members only from [email protected]
942 _n0
999 _c115804
_d115804